000 00467nam a22001577a 4500
005 20251108165431.0
008 250721s1986 xx 000 0 ara d
082 1 4 _aم/ط/810.9حنا
100 1 _aالفاخوري، حنا
245 1 0 _aالجامع في الأدب العربي :
_bالأدب الحديث /
264 1 _aبيروت :
_bدار الجيل،
_c1986.
300 _a715ص
650 1 7 _aالأدب العربي
942 _2ddc
_cBK
999 _c27823
_d27823